Pokémon Used by Galar Gym Leaders/Champion Cup Participants - Statistics

General Stats
  • This quiz has been taken 114 times
    111 since last reset
  • The average score is 68 of 90
Answer Stats
Leader Type Pokémon % Correct
Milo Grass/Dragon Flapple
95%
Milo Grass/Dragon Appletun
93%
Milo Grass Eldegoss
93%
Nessa Water/Rock Drednaw
90%
Milo Grass Gossifleur
90%
Milo Water/Grass Ludicolo
90%
Allister Ghost/Poison Gengar
88%
Milo Grass/Dark Shiftry
88%
Kabu Fire/Bug Centiskorch
87%
Bea Fighting Machamp
87%
Piers Dark/Normal Obstagoon
87%
Hop Fire Cinderace
85%
Leon Fire Cinderace
85%
Gordie Rock/Fire Coalossal
85%
Melony Ice/Bug Frosmoth
85%
Bea Fighting/Flying Hawlucha
85%
Hop Grass Rillaboom
85%
Leon Grass Rillaboom
85%
Leon Fire/Flying Charizard
83%
Hop Flying/Steel Corviknight
83%
Raihan Ground/Dragon Flygon
83%
Hop Water Inteleon
83%
Leon Water Inteleon
83%
Nessa Water/Flying Pelipper
83%
Piers Electric/Poison Toxtricity
83%
Allister Ghost/Fire Chandelure
82%
Hop Normal Dubwool
82%
Raihan Steel/Dragon Duraludon
82%
Marnie Dark/Fairy Grimmsnarl
82%
Melony Water/Ice Lapras
82%
Marnie Electric/Dark Morpeko
82%
Melony Ice/Psychic Mr. Rime
82%
Leon Ice/Psychic Mr. Rime
82%
Leon Steel/Ghost Aegislash
80%
Nessa Water Barraskewda
80%
Leon Ghost/Dragon Dragapult
80%
Opal Steel/Fairy Mawile
80%
Bede Steel/Fairy Mawile
80%
Allister Ghost/Fairy Mimikyu
80%
Bede Psychic/Fairy Hatterene
78%
Nessa Water/Ground Quagsire
78%
Allister Ground/Ghost Runerigus
78%
Kabu Poison/Fire Salazzle
78%
Piers Dark/Fighting Scrafty
78%
Marnie Dark/Fighting Scrafty
78%
Marnie Poison/Fighting Toxicroak
78%
Raihan Fire/Dragon Turtonator
78%
Piers Dark/Psychic Malamar
77%
Piers Poison/Dark Skuntank
77%
Opal Fairy/Flying Togekiss
77%
Kabu Fire Arcanine
75%
Bede Psychic/Fairy Galarian Rapidash
75%
Allister Ground/Ghost Galarian Yamask
75%
Raihan Ground Sandaconda
75%
Nessa Bug/Water Golisopod
73%
Leon Dragon Haxorus
73%
Kabu Fire Ninetales
73%
Bea Fighting/Dark Pangoro
73%
Gordie Rock/Dark Tyranitar
73%
Opal Fairy Alcremie
72%
Nessa Water Arrokuda
72%
Raihan Rock Gigalith
72%
Bea Fighting Hitmontop
72%
Leon Ground/Rock Rhyperior
72%
Nessa Poison/Water Toxapex
72%
Allister Ghost Cursola
70%
Melony Ice Eiscue
70%
Opal Poison/Fairy Galarian Weezing
70%
Bede Psychic/Fairy Gardevoir
70%
Bea Fighting Grapploct
70%
Gordie Bug/Rock Shuckle
70%
Raihan Dragon Goodra
68%
Bea Fighting Sirfetch'd
68%
Kabu Fire Torkoal
68%
Raihan Fire Torkoal
68%
Melony Ice Galarian Darmanitan
67%
Leon Water/Ground Seismitoad
67%
Gordie Rock Stonjourner
67%
Allister Ghost Dusknoir
65%
Nessa Water Seaking
65%
Hop Normal Snorlax
63%
Nessa Water Goldeen
62%
Gordie Rock/Water Barbaracle
60%
Hop Electric Pincurchin
60%
Allister Ghost Polteageist
57%
Bea Fighting Falinks
55%
Marnie Dark Liepard
55%
Milo Grass Tsareena
50%
Milo Grass Cherrim
48%
Milo Grass Bellossom
47%
No matching quizzes found
Score Distribution
Percent of People with Each Score
Percentile by Number Answered
Your Score History
You have not taken this quiz since the last reset